Maiores Campeões Goianos - Statistics

Estatísticas Gerais
  • Esse quiz foi jogado 24 vezes
  • A pontuação média é 5 de 9
Estatísticas das Respostas
Hint Resposta % Correto
18 Atlético Go
100%
28 Goiás
100%
16 Vila Nova
95%
14 Goiania
64%
1 Gremio Anápolis
45%
1 Anápolis
41%
1 Itumbiara
41%
2 CRAC
36%
1 Goiatuba
18%
Nenhum quiz correspondente encontrado
Distribuição das Pontuações
Porcentagem de Pessoas com Cada Pontuação
Percentil de Números Respondidos
Sua Pontuação Histórica
Você não jogou esse quiz